希波的奧古斯丁: (Record no. 15931)
[ view plain ]
| 000 -LEADER | |
|---|---|
| fixed length control field | 00861nam a2200253Ia 4500 |
| 008 - FIXED-LENGTH DATA ELEMENTS--GENERAL INFORMATION | |
| fixed length control field | 201124s9999||||xx |||||||||||||| ||und|| |
| 020 ## - INTERNATIONAL STANDARD BOOK NUMBER | |
| International Standard Book Number | 7516132659 |
| 020 ## - INTERNATIONAL STANDARD BOOK NUMBER | |
| International Standard Book Number | 9787516132654 |
| 041 ## - LANGUAGE CODE | |
| Language code of text/sound track or separate title | chi |
| Language code of original | eng |
| 050 ## - LIBRARY OF CONGRESS CALL NUMBER | |
| Classification number | BR1720.A9 |
| Item number | .B712 2013 |
| 100 ## - MAIN ENTRY--PERSONAL NAME | |
| Personal name | Brown, Peter |
| 245 #0 - TITLE STATEMENT | |
| Title | 希波的奧古斯丁: |
| Remainder of title | = Augustine of Hippo; a biography / |
| Statement of responsibility, etc. | 彼得.布朗 (Peter Brown) 著; 钱金飞, 沈小龙译 |
| 246 ## - VARYING FORM OF TITLE | |
| Title proper/short title | 希波的奥古斯丁 |
| Remainder of title | / |
| 260 ## - PUBLICATION, DISTRIBUTION, ETC. | |
| Place of publication, distribution, etc. | 北京: |
| Name of publisher, distributor, etc. | 中国社会科学出版社, |
| 300 ## - PHYSICAL DESCRIPTION | |
| Extent | [16], 662 p. |
| Other physical details | ; |
| Dimensions | 23 cm. |
| 490 ## - SERIES STATEMENT | |
| Series statement | 历史与思想硏究译丛 |
| 500 ## - GENERAL NOTE | |
| General note | Translation of: Augustine of Hippo; a biography |
| 650 ## - SUBJECT ADDED ENTRY--TOPICAL TERM | |
| Topical term or geographic name entry element | Augustine, of Hippo, Saint, 354-430. |
| 650 ## - SUBJECT ADDED ENTRY--TOPICAL TERM | |
| Topical term or geographic name entry element | Christian saints Algeria Hippo (Extinct city) Biography. |
| 700 ## - ADDED ENTRY--PERSONAL NAME | |
| Personal name | 彼得.布朗 |
| 700 ## - ADDED ENTRY--PERSONAL NAME | |
| Personal name | 沈小龙 |
| 700 ## - ADDED ENTRY--PERSONAL NAME | |
| Personal name | 钱金飞 |
| Withdrawn status | Lost status | Damaged status | Not for loan | Home library | Current library | Shelving location | Date acquired | Total Checkouts | Full call number | Barcode | Date last seen | Price effective from | Koha item type | Total Renewals | Date last checked out | Copy number |
|---|---|---|---|---|---|---|---|---|---|---|---|---|---|---|---|---|
| GETS Theological Seminary Library | GETS Theological Seminary Library | General Stacks | 08/24/2020 | BR1720.A9 .B712 2013 | 00004035 | 08/24/2020 | 08/24/2020 | Chinese Book | ||||||||
| GETS Theological Seminary Library | GETS Theological Seminary Library | General Stacks | 11/24/2020 | 1 | BR1720.A9 .B712 2013 | 00018967 | 12/29/2022 | 11/24/2020 | Chinese Book | 2 | 04/23/2022 | c. 2 |